000
00355nam a2200133Ia 4500
003
GCL
008
140319s9999 xx 000 0 ara d
040
_a
GCL /
_c
GCL
082
0
4
_a
813.083
_b
ل ع
245
1
0
_a
عطر من الهند
260
_a
[S.N] :
_b
مؤسسة دار الشعب ،
_c
1983
300
_a
143 ص
490
_a
مطبوعات الشعب
_v
0
999
_c
32238
_d
32238